| 000 | 01879nam a2200373 i 4500 | ||
|---|---|---|---|
| 001 | 50157 | ||
| 003 | ES-MaACL | ||
| 005 | 20250716120412.0 | ||
| 007 | t| | ||
| 008 | 030731s1905 sp a |||| | spa d | ||
| 040 | _cES-MaACL | ||
| 080 | _a821.134.2 Cervantes Saavedra, Miguel de 7 Quijote(067.5) | ||
| 245 | 0 | 0 |
_aCrónica del Centenario del Don Quijote / _cpublicada bajo la dirección de Miguel Sawa y Pablo Becerra. |
| 260 |
_aMadrid : _bAntonio Marzo, _c1905. |
||
| 300 |
_a559 páginas : _bilustraciones ; _c32 cm. |
||
| 500 | _aEn p. 274: Relación de conferencias leídas en el Ateneo de Madrid | ||
| 505 | _aRecoge parte de las conferencias dadas en el Ateneo: Cómo se hizo el Quijote / por Francisco Navarro Ledesma (p. 205-244). La imitación de Nuestro Señor don Quijote / por Antonio Palomero (p. 245-261). La poesía del "Quijote" / por Mariano Miguel de Val (p. 263-274) | ||
| 530 | _aDisponible en formato digital | ||
| 600 | 1 | 4 |
_aCervantes Saavedra, Miguel de, _d1547-1616. _tDon Quijote de la Mancha- _vAniversarios y centenarios _937614 |
| 610 | 2 | 4 |
_aAteneo de Madrid- _vConferencias- _y1900-1939 _91907 |
| 700 | 1 |
_aSawa, Miguel, _d1866-1910 _epbd _9104089 |
|
| 700 | 1 |
_aBecerra, Pablo, _d1870-1915 _epbd _926881 |
|
| 700 | 1 |
_aNavarro y Ledesma, F., _d1869-1905 _eaut _985189 |
|
| 700 | 1 |
_aPalomero Dechado, Antonio, _d1869-1914 _eaut _988694 |
|
| 700 | 1 |
_aVal, Mariano Miguel de, _d1875-1912 _eaut _9112429 |
|
| 740 | 0 | 2 | _aCómo se hizo el Quijote. |
| 740 | 3 | 2 | _aLa imitación de Nuestro Señor don Quijote. |
| 740 | 3 | 2 | _aLa poesía del "Quijote" |
| 852 | 4 |
_aES-MaACL _cSPB _jB-1145 _zRevisado enlace: 16 de julio de 2025 |
|
| 856 | 4 |
_uhttps://ceclmdigital.uclm.es/viewer.vm?id=0000318215&page=1 _y(Biblioteca Virtual de Castilla-La Mancha) |
|
| 942 |
_cMONOGRAFIA _n0 |
||
| 999 |
_c50157 _d50157 |
||